000 04035nab a22007817 4500
003 AR-RoUNA
022 _a0327-9022
040 _aAR-RoUNA
_bspa
041 _aspa
044 _aag
245 _aSumma+ /
_bSimetrías - Entrevista: Pezo Von Ellrichshausen
260 _aBuenos Aires (Argentina):
_cDonn SA,
_b1993.
300 _a128 p. :
_bil. byn.
_bplanos
_c34X25 cm.
505 0 _tINDICE
505 0 _tEJES INTEMPORALES, Gustavo Alonso Serafin, Magdalena Tagliabue y Martín Di Peco. p. 1
505 0 _tCARTELERA
505 0 _tRAZÓN, PLACER Y CREENCIA
505 0 _aGustavo Alonso Serafin / Diálogo con Mauricio Pezo y Sofía Von Ellrichshausen. p. 8
505 0 _aCasa Rode / Chonchi, Archipiélago de Chiloé, X Región, Chile, 2017. p. 10
505 0 _aCasa Guna / Llacolen, San Pedro de La Paz, Chile, 2014. p. 16
505 0 _aCasa Nida / Navidad, VI Región, Chile, 2016. p. 22
505 0 _aMuseo Lamp / Parque Ecuador, Concepción, Chile, 2015. p. 26
505 0 _tLA PERSISTENCIA DE LA SIMETRÍA, Fernado Diez. p. 30
505 0 _tREFERENCIANDO LO CLÁSICO, Magdalena Tagliabue. p. 38
505 0 _tCLÁSICA FORTALEZA ESTATAL
505 0 _aKleihues + Kleihues / Servicio de Inteligencia Federal, Berlín, Alemania, 2016. p. 40
505 0 _tA CIENCIA EXACTA
505 0 _aMetro / ITA Ciencias Fundamentales, San Pablo, Brasil, 2014. p. 46
505 0 _tRESIDENCIAS PARAÍSO
505 0 _aRCR Arqs / Residencias Muraba, Isla Palm Jumeirah, Dubái, Emiratos Árabes Unidos, 2017. p. 54
505 0 _tSUCESIÓN BARROCA
505 0 _aLederer Ragnarsdóttir OEI + Stuttgart / Curia Diosesana, Rottemburgo, Alemania, 2013. p. 62
505 0 _tREFLOTANDO LO ANCESTRAL
505 0 _aFabián Alejandro Leiva Cortés / Cementerio Flotante, Embalse Ralco, Región Biobío, Chile, 2017. p. 70
505 0 _tPOÉTICO DEL EQUILIBRIO, Fernando Diez. p. 74
505 0 _tRITMOS ABOVEDADOS
505 0 _aAtelier LI Xinggang / Gimnasio Del Nuevo Campus de la Universidad de Tianjin, Distrito Jinnan, Tian Jin China, 2015. p. 76
505 0 _tTRIANGULACIÓN VERTICAL
505 0 _aChristian Kerez / Edificio Escolar en Leutschenbach, Zúrich, Suiza, 2009. p. 82
505 0 _tESTANTERÍA URBANA
505 0 _aMUOTO / Condensador Público, Saclay, Francia, 2016. p. 88
505 0 _tTRANSPARENCIA Y PERMEABILIDAD
505 0 _aSaboia + Ruiz Arq. / Complejo de Paddle Club Curitibano, Paraná, Brasil, 2017. p. 94
505 0 _tPALACIO DUCAL EDUCATIVO
505 0 _aJosep Ferrando / Edificio Sáenz Valiente, Universidad Torcuato Di Tella, Buenos Aires, Argentina, 2019. p. 98
505 0 _tLEDOUX - ANALOGÍAS INAUDITAS, Pablo Meninato. p. 102
505 0 _tESPACIOS DEFINIDOS POR LIBROS
505 0 _aLibrería Gandhi Palermo / Felipe Aguirre, 2013. p. 108
505 0 _aQuade / Estudio Montevideo, Córdoba, 2017. p. 110
505 0 _aMal de Archivo / Gonzalo Sánchez Hermelo, Rosario, 2013. p. 112
505 0 _aBiblioteca Michel / Pilotto Sanguinetti, CABA, 2013. p. 113
505 0 _aTienda 1/1 / Lorena Guillën Vaschetti, CABA, 2015. p. 114
505 0 _tSIMETRÍAS ARQUITECTÓNICAS CON LA GRAVEDAD Y LA LUZ
505 0 _aOscar Linares de La Torre / La gravedad y la luz, cuestiones fundamentales de la arquitectura. p. 116
505 0 _tNUEVAS PEREGRINACIONES DE UNA ADMIRADORA, Ruth Verde Zen. p. 120
505 0 _tMALAPARTE EN CAPRI (II)
505 0 _aMario Sabugo / El desprecio. p. 125
505 0 _tLA VILLA DE LIJÁN EN EL PAPEL, Ignacio Ros de Olano. p. 126
505 0 _tLOCUS FICTION
505 0 _aRoberto Fernández / Construcción y Proyección de lugars de la ficción. p. 127
505 0 _tUNA MIRADA DEL DISEÑO DESDE LOS ESTUDIOS DE GÉNERO, Griselda Flesler. p. 128
650 _2Arquitectura conteporánea
773 0 _aSumma+
_dBuenos Aires, Argentina
_gNº166 (sep; 2018), p. 128
_x0327-9022
908 _aImp
942 _2udc
_cART
945 _d2022-07-08
980 _6138
_aCarolina Rainero
_8138
_gCarolina Rainero
999 _c12324
_d12324